000 00325nam a2200121Ia 4500
008 230907s9999||||xx |||||||||||||| ||und||
082 _a891.4392
_bASH
245 0 _aننگے پاوُں , Nangay paon /
260 _aSang-e-Meel Publications,
_bLahore :
_c2016
300 _a664 p.
650 _aUrdu Literature.
942 _cBK
999 _c599689
_d599689